000 00435cam a2200181ua 4500
001 5631
008 131007n ii |||gr||||Z||||||eng
040 _cMAIN
082 _a954.162
245 _aHistory Of Assam
_cBy Sir Edward Gait
250 _a2nd Ed.
260 _aGauhati:
_bLBS Publications,
_c1981.
300 _a376p.
653 _aHistory
653 _aHistory Of Assam
700 _aGait,Sir Edward,
_eAuthor.,
942 _cBK
999 _c4791
_d4791